| 000 | 00730nam a22002177a 4500 | ||
|---|---|---|---|
| 005 | 20251108172958.0 | ||
| 008 | 250721s2005 xx 000 0 ara d | ||
| 082 | 1 | 4 | _a216.2/ حاج |
| 100 | 1 |
_aأبو الحاج، صلاح محمد _eمؤلف |
|
| 245 | 1 | 0 | _aالجامع في أحكام الصيام و الإعتكاف و الحج و العمرة / |
| 264 | 1 |
_aعمان : _bمركز العلماء العالمي للبحوث و الدراسات و تقنيات المعلومات، _c2005. |
|
| 300 | _a300ص. | ||
| 650 | 1 | 7 | _aالإسلام |
| 650 | 1 | 7 | _aالعبادات |
| 650 | 1 | 7 | _aالصوم |
| 650 | 1 | 7 | _aالصلوات |
| 650 | 1 | 7 | _aالحج |
| 650 | 1 | 7 | _aالعمرة |
| 942 |
_2ddc _cBK |
||
| 999 |
_c93238 _d93238 |
||